Pounds, feet, and, inches / (Record no. 6448)

MARC details
000 -LEADER
fixed length control field 01049cam a22003254a 4500
001 - CONTROL NUMBER
control field 6448
003 - CONTROL NUMBER IDENTIFIER
control field FISKH
005 - DATE AND TIME OF LATEST TRANSACTION
control field 20260313091722.0
008 - FIXED-LENGTH DATA ELEMENTS--GENERAL INFORMATION
fixed length control field 090508s2010 flua j 000 0 eng
010 ## - LIBRARY OF CONGRESS CONTROL NUMBER
LC control number 2009015990
020 ## - INTERNATIONAL STANDARD BOOK NUMBER
International Standard Book Number 9781606943786
020 ## - INTERNATIONAL STANDARD BOOK NUMBER
International Standard Book Number 9781606945100
040 ## - CATALOGING SOURCE
Original cataloging agency DLC
Transcribing agency DLC
Modifying agency DLC
Language of cataloging eng
050 ## - LIBRARY OF CONGRESS CALL NUMBER
Classification number QC90 .K368618
082 ## - DEWEY DECIMAL CLASSIFICATION NUMBER
Classification number 530.8
100 1# - MAIN ENTRY--PERSONAL NAME
Personal name Karapetkova, Holly.
245 10 - TITLE STATEMENT
Title Pounds, feet, and, inches /
Statement of responsibility, etc. Holly Karapetkova.
260 ## - PUBLICATION, DISTRIBUTION, ETC.
Place of publication, distribution, etc. Vero Beach :
Name of publisher, distributor, etc. Rourke Publishing,
Date of publication, distribution, etc. 2010.
300 ## - PHYSICAL DESCRIPTION
Extent 24 pages ;
Other physical details color illustrations ;
Dimensions 21 cm
490 0# - SERIES STATEMENT
Series statement Rourke discovery library
505 ## - FORMATTED CONTENTS NOTE
Formatted contents note K<br/>
520 ## - SUMMARY, ETC.
Summary, etc. Young children learn about pounds, feet, and inches through illustrated text with repetition and simple sentences.
521 8# - TARGET AUDIENCE NOTE
Target audience note 510<br/>
Source Lexile estimate <br/>
521 8# - TARGET AUDIENCE NOTE
Target audience note K<br/>
Source Raz-Plus<br/>
650 #0 - SUBJECT ADDED ENTRY--TOPICAL TERM
Topical term or geographic name entry element Units of measurement
Form subdivision Juvenile literature.
650 #0 - SUBJECT ADDED ENTRY--TOPICAL TERM
Topical term or geographic name entry element Length measurement
Form subdivision Juvenile literature.
906 ## - LOCAL DATA ELEMENT F, LDF (RLIN)
a 7
b cbc
c orignew
d 1
e ecip
f 20
g y-gencatlg
942 ## - ADDED ENTRY ELEMENTS (KOHA)
Source of classification or shelving scheme Dewey Decimal Classification
Koha item type Books
Suppress in OPAC No
Holdings
Withdrawn status Lost status Source of classification or shelving scheme Damaged status Not for loan Collection Home library Current library Shelving location Date acquired Total Checkouts Full call number Barcode Date last seen Copy number Price effective from Koha item type
    Dewey Decimal Classification     Non-Fiction Footprints International School Library Network Toul Kork Campus Footprints International School Library Network Toul Kork Campus TK Primary Library Room(4th Floor), Bookcase 1&2, Shelves 1-16, Dark Blue Books 05/05/2025   KAR 530.8 QC90 .K368618 FISTK02710 05/05/2025 1 05/05/2025 Books
    Dewey Decimal Classification     Non-Fiction Footprints International School Library Network Toul Tom Poung Campus Footprints International School Library Network Toul Tom Poung Campus TTP Primary Dark Blue Bookshelves 03/13/2026   KAR 530.8 QC90 .K368618 FIS03474 03/13/2026 2 03/13/2026 Books